Statistics for Guess the killer

Click here to take the quiz!

General Stats

  • This quiz has been taken 18 times
  • The average score is 5 of 10

Answer Stats

weaponkiller% Correct
razor claw gloveFeddy krueger
93%
macheteJason Voorhees
93%
Butcher knifeMichael Myers
73%
knifeGhostface
67%
ChainsawLeatherface
60%
Little knifeChucky
47%
trapsJigsaw
27%
scytheGrim Reapor
13%
bladePredator
7%
lightweight spearPyramids Head
7%

Score Distribution

Percentile by Number Answered

Percent of People with Each Score

Your Score History

You have not taken this quiz